| 000 | 01945cam a22004694i 4500 | ||
|---|---|---|---|
| 003 | PE-LiUPU | ||
| 005 | 20250731173428.0 | ||
| 008 | 150706s r 000 0 d | ||
| 020 | _a9788588611122 | ||
| 035 | _a(Sirsi) i9788588611122 | ||
| 040 |
_aPE-LiUPU _bspa _cPE-LiUPU _erda |
||
| 049 | _aPRUA | ||
| 082 | 0 | 4 |
_a222.11 _bV62 _221 |
| 100 | 1 |
_aVieira, Ruy Carlos de Camargo, _eautor. |
|
| 245 | 1 | 0 |
_aO relato da criação nas edições católicas da Biblia : _bvestígios da revelação Bíblica nas raízes linguísticas / _cRuy Carlos de Camargo Vieira. |
| 264 | 1 |
_aBrasilia : _bSociedade Criacionista Brasileira, _c2011. |
|
| 300 |
_a66 páginas : _bilustraciones ; _c21 cm. |
||
| 336 |
_atext _2rdacontent |
||
| 337 |
_aunmediated _2rdamedia |
||
| 338 |
_avolume _2rdacarrier |
||
| 505 | 0 | _aDo principio ao primeiro da criacao- Génesis 1:1-5 -- O segundo día da criacao- Génises 1:6-8 -- O terceiro día da criacao Génesis 1:9-13 -- O quarto día da acriacao génesis 1: 14-19 -- O quinto día da criacao génesis 1:20-23 -- O sexto día da criacao génesis 1:24-31. | |
| 526 | _aSEG42 | ||
| 526 | _aSEG41 | ||
| 526 | _aSEG40 | ||
| 526 | _aSEG39 | ||
| 526 | _aP94 | ||
| 526 | _aP87 | ||
| 526 | _aP86 | ||
| 526 | _aP85 | ||
| 526 | _aP77 | ||
| 526 | _aP76 | ||
| 526 | _aP35 | ||
| 630 |
_aBiblia. _pA.T. _PG énesis 1, 2 _vVersiones. |
||
| 650 | 0 | 4 |
_aCreación _xEnseñanza bíblica. |
| 910 |
_cng _d20130424 |
||
| 942 |
_2ddc _cBOOK |
||
| 949 |
_a222.11 V62 _wDEWEY _c1 _i67024 _lCCODEBUL1 _mBUL _p12.00 _r0 _sY _tBOOK _u2015-7-6 _xBIBLIOTECA _zUNKNOWN _o.STAFF. Colección General |
||
| 994 |
_aC0 _bPEPRU |
||
| 596 | _a1 | ||
| 999 |
_a222.11 V62 _wDEWEY _c54730 _i67024 _f2021-11-9 _g6 _lCCODEBUL1 _mBUL _p12.00 _r0 _sY _tBOOK _u2015-7-6 _xTEOLOGIA _zUNKNOWN _0COMPRA _o.STAFF. Colección General _d54730 |
||
| 980 |
_81 _gALBERTO SANCHEZ Responsable de Automatización |
||